banner-ar

ايقاع وبشر (هدية من الاديب عبدالفتاح الجمل) / (Record no. 47121)

MARC details
000 -الفاتح
حقل البيانات ثابتة الطول 00883nam a2200277Ia 4500
008 - عناصر البيانات ثابتة الطول - معلومات عامة
حقل البيانات ثابتة الطول 140319s9999 xx 000 0 ara d
040 ## - مصدر الفهرسة
وكالة الفهرسة الأصلية GCL /
وكالة النسخ GCL
082 04 - رقم تصنيف ديوى العشرى
رقم التصنيف 813.008
رقم المادة ا م
100 1# - المدخل الرئيسى - إسم شخصى
الإسم الشخصى نجيب محفوظ
245 10 - بيان العنوان
العنوان ايقاع وبشر (هدية من الاديب عبدالفتاح الجمل) /
بيان المسئوليه,etc نجيب محفوظ
700 1# - المدخل الاضافى - اسم شخصى
الإسم الشخصى عبدالعزيز الشناوى
700 1# - المدخل الاضافى - اسم شخصى
الإسم الشخصى شوقى وهبى
700 1# - المدخل الاضافى - اسم شخصى
الإسم الشخصى ثروت اباظة
700 1# - المدخل الاضافى - اسم شخصى
الإسم الشخصى محمود تيمور
700 1# - المدخل الاضافى - اسم شخصى
الإسم الشخصى عبدالعال الحمامصى
700 1# - المدخل الاضافى - اسم شخصى
الإسم الشخصى محمد جبريل
700 1# - المدخل الاضافى - اسم شخصى
الإسم الشخصى عمادالدين عيسى
700 1# - المدخل الاضافى - اسم شخصى
الإسم الشخصى شوقى وافى
700 1# - المدخل الاضافى - اسم شخصى
الإسم الشخصى احمد جوهر
300 ## - الوصف المادى
التعداد 122 ص
490 ## - بيان السلسلة
عنوان السلسلة اصدقاء الكتاب
رقم المجلد/ التعيين التسلسلي 0
650 04 - المدخل الاضافى بالموضوع-مصطلح موضوعى
مصطلح موضوعي الادب العربى
650 04 - المدخل الاضافى بالموضوع-مصطلح موضوعى
مصطلح موضوعي القصص العربية القصيرة
942 ## - عناصر المدخل الإضافي( كوها)
مصدر التصنيف او مخطط الترفيف Dewey Decimal Classification
Koha [default] item type كتاب
Holdings
حالة التراجع حالة الفقد حالة تلف ليس للاعارة المكان المؤقت الموقع الحالى تاريخ الاكتساب اجمالي اﻻعارات رقم الطلب الباركود تاريخ اخر مشاهدة تاريخ تفعيل السعر نوع وعاء كوها
        مكتبة القاهرة الكبرى مكتبة القاهرة الكبرى 03/26/2014   813.008\ا م 114205 03/26/2014 03/26/2014 كتاب

Powered By

EGPV